تاریخ مسلمانان پاکستان و بھارت ;; Tarikh i musalmanan Pakistan wa Bharat / (Record no. 83203)
[ view plain ]
| 000 -LEADER | |
|---|---|
| fixed length control field | 00964nam a2200217 4500 |
| 001 - CONTROL NUMBER | |
| control field | 83203 |
| 003 - CONTROL NUMBER IDENTIFIER | |
| rucl marc code | BD-RjUL |
| 005 - DATE AND TIME OF LATEST TRANSACTION | |
| control field | 20240303132045.0 |
| 008 - FIXED-LENGTH DATA ELEMENTS--GENERAL INFORMATION | |
| fixed length control field | 240303s1962 pk ||||| |||| 00| 0 urd d |
| 035 ## - SYSTEM CONTROL NUMBER | |
| System control number | (BD-RjUL)83203 |
| 040 ## - CATALOGING SOURCE | |
| Original cataloging agency | BD-RjUL |
| Language of cataloging | eng |
| Transcribing agency | BD-RjUL |
| 041 ## - LANGUAGE CODE | |
| Language code of text/sound track or separate title | eng |
| 082 ## - DEWEY DECIMAL CLASSIFICATION NUMBER | |
| Edition number | 23 |
| Classification number | 954.0088297 |
| Author mark and year | FAT 1962 |
| 100 1# - MAIN ENTRY--PERSONAL NAME | |
| Personal name | فریدآبادی٫ سید ہاشمی ;; Faridabadi, Syed Hashmi |
| 9 (RLIN) | 12027 |
| 245 10 - TITLE STATEMENT | |
| Title | تاریخ مسلمانان پاکستان و بھارت ;; Tarikh i musalmanan Pakistan wa Bharat / |
| Statement of responsibility, etc. | سید ہاشمی فریدآبادی ;; Syed Hashmi Faridabadi |
| 260 ## - PUBLICATION, DISTRIBUTION, ETC. (IMPRINT) | |
| Place of publication, distribution, etc. | پاکستان : |
| Name of publisher, distributor, etc. | نجمن ترقی اردو، |
| Date of publication, distribution, etc. | 1953 |
| 300 ## - PHYSICAL DESCRIPTION | |
| Pagination | V. : |
| Illustrations | ill. map. ; |
| Size | 21 cm |
| 505 ## - FORMATTED CONTENTS NOTE | |
| Formatted contents note | Vol. 1. عہد کشورکشائ : محمد بن قاسم سے اورنگزیب عالم گیر تک ;; Ahed Kashwarksha’i: Muhammad bin Qasim Say Aurangzeb Alamgir tak |
| 650 ## - SUBJECT ADDED ENTRY--TOPICAL TERM | |
| Topical term or geographic name as entry element | History |
| Form subdivision | Muslims |
| Geographic subdivision | Pakistan and India |
| 9 (RLIN) | 12028 |
| 942 ## - ADDED ENTRY ELEMENTS (KOHA) | |
| Source of classification or shelving scheme | Dewey Decimal Classification |
| Koha item type | Books |
| Lost status | Source of classification or shelving scheme | Damaged status | Not for loan | Collection code | Permanent Location | Current Location | Shelving location | Date acquired | Full call number | Date last seen | Copy number | Koha item type |
|---|---|---|---|---|---|---|---|---|---|---|---|---|
| Dewey Decimal Classification | Not For Loan | Non-fiction | Central Library, University of Rajshahi | Central Library, University of Rajshahi | Reading Room | 03/03/2024 | U 954.0088297 FAT V-1 1962 | 03/03/2024 | C-1 | Books |